000 00456nam a2200157 i 4500
001 83662
003 ES-MaACL
005 20230906174854.0
007 t|
008 041117s1970 sp ||||1| spa d
245 0 0 _aInvestigaciones sobre el espacio escénico /
_cCopeau... [et al.].
260 _a[Madrid :
_bAlberto Corazón,
_c1970]
300 _a225 p., 13 lám. ;
_c21 cm.
700 1 _aCopeau, Jacques.
_940404
852 _aES-MaACL
_jC-45700
_bR.73982
999 _c83662
_d83662